| 000 | 01309nam a2200337Ia 4500 | ||
|---|---|---|---|
| 001 | ebr10130415 | ||
| 003 | CaPaEBR | ||
| 006 | m u | ||
| 007 | cr cn||||||||| | ||
| 008 | 040115s2004 enka sb 001 0 eng d | ||
| 010 | _z 2004040407 | ||
| 020 | _z0511193890 | ||
| 020 | _z052183127X (HB) | ||
| 040 |
_aCaPaEBR _cCaPaEBR |
||
| 035 | _a(OCoLC)173610030 | ||
| 050 | 1 | 4 |
_aTK5102.9 _b.Z68 2004eb |
| 082 | 0 | 4 |
_a621.382/2 _222 |
| 100 | 1 | _aZoubir, Abdelhak M. | |
| 245 | 1 | 0 |
_aBootstrap techniques for signal processing _h[electronic resource] / _cAbdelhak M. Zoubir, D. Robert Iskander. |
| 260 |
_aCambridge ; _aNew York : _bCambridge, _c2004. |
||
| 300 |
_axiv, 217 p. : _bill. |
||
| 504 | _aIncludes bibliographical references (p. 201-214) and index. | ||
| 533 |
_aElectronic reproduction. _bPalo Alto, Calif. : _cebrary, _d2009. _nAvailable via World Wide Web. _nAccess may be limited to ebrary affiliated libraries. |
||
| 650 | 0 |
_aSignal processing _xMathematics. |
|
| 650 | 0 |
_aImage processing _xMathematics. |
|
| 650 | 0 | _aBootstrap (Statistics) | |
| 655 | 7 |
_aElectronic books. _2local |
|
| 700 | 1 | _aIskander, D. Robert. | |
| 710 | 2 | _aebrary, Inc. | |
| 856 | 4 | 0 |
_uhttp://site.ebrary.com/lib/rucke/Doc?id=10130415 _zAn electronic book accessible through the World Wide Web; click to view |
| 999 |
_c182390 _d182390 |
||